Sir John Soane, architect (Record no. 57502)

MARC details
000 -LEADER
fixed length control field 00670nam a2200193 a 4500
008 - FIXED-LENGTH DATA ELEMENTS--GENERAL INFORMATION
fixed length control field 120416s1984 ||||||||||||||||| || u
020 ## - INTERNATIONAL STANDARD BOOK NUMBER
International Standard Book Number 057113050X
050 ## - LIBRARY OF CONGRESS CALL NUMBER
Classification number NA 997.S7 Str
100 ## - MAIN ENTRY--PERSONAL NAME
Personal name Stroud, Dorothy
245 10 - TITLE STATEMENT
Title Sir John Soane, architect
260 ## - PUBLICATION, DISTRIBUTION, ETC.
Place of publication, distribution, etc. London
Name of publisher, distributor, etc. Faber and Faber
Date of publication, distribution, etc. 1984
300 ## - PHYSICAL DESCRIPTION
Extent 300p. : ill.
350 ## - PRICE (NR) (BK AM CF MU VM SE) [OBSOLETE]
Price 0.00
500 ## - GENERAL NOTE
General note Bibliography.
650 ## - SUBJECT ADDED ENTRY--TOPICAL TERM
Topical term or geographic name entry element ARCHITECTURAL DESIGN--EVALUATION
650 ## - SUBJECT ADDED ENTRY--TOPICAL TERM
Topical term or geographic name entry element Soane, John, Sir, 1753-1837
700 ## - ADDED ENTRY--PERSONAL NAME
Personal name Soane, John, Sir
995 ## - RECOMMENDATION 995 [LOCAL, UNIMARC FRANCE]
-- 0.00
-- CBU-MAIN LIBRARY (Kitwe)
-- 1
-- 32.00
-- 1
-- AVAILABLE
-- Apr 19, 2007
-- Main Library Open Access Collection
Holdings
Withdrawn status Lost status Source of classification or shelving scheme Damaged status Not for loan Home library Current library Shelving location Date acquired Total Checkouts Full call number Barcode Date last seen Price effective from Koha item type
          CBU-MAIN LIBRARY, KITWE. CBU-MAIN LIBRARY, KITWE.   11/30/2022   NA 997.S7 Str 009599 11/30/2022 11/30/2022 MONOGRAPH